Представление документа в формате MARC21

Поле Инд. ПП Название Значение
Тип записи a
Библиографический уровень m
001 Контрольный номер 752af578-48b0-46cc-93cd-c08f7b742f0d
005 Дата корректировки 20160727112908.1
008 Кодируемые данные 000907 d
020 a ISBN 5-211-02081-2
c Цена, тираж 250.00
080 a Индекс УДК 536.7
084 a Индекс другой классификации/Индекс ББК В317.1
090 c Каталожный индекс В317.1
x Авторский знак Б 17
a Полочн. индекс В317.1
100 1_ a Автор Базаров Иван Павлович
q Полное имя Базаров И. П.
245 00 a Заглавие Заблуждения и ошибки в термодинамике
260 0_ a Место издания Москва
b Издательство Изд-во Моск. ун-та
c Дата издания 1993
300 a Объем 53, [1] с.
b Иллюстрации/ тип воспроизводства ил.
504 a Библиография Библиогр.: с. 53-54 (46 назв.)
650 04 a Основная рубрика Термодинамика
x Основная подрубрика Ошибки
653 0_ a Ключевые слова Термодинамика
a Ключевые слова Ошибки в термодинамике
852 41 p Инвентарный номер 649111
901 t Тип документа m
920 a Оператор Петр
954 a Дата поступления на обработку 08.06.94
a Дата поступления на обработку 08.06.94
999 a Подразделение 2 ч.з.